Fundamentos de la responsabilidad extracontractual de la administración pública / (Registro nro. 29223)
[ vista simple ]
| 000 -LEADER | |
|---|---|
| fixed length control field | 01781nam a2200253Ia 4500 |
| 003 - CONTROL NUMBER IDENTIFIER | |
| control field | CO-CtgCURN |
| 005 - DATE AND TIME OF LATEST TRANSACTION | |
| control field | 20250407225207.0 |
| 008 - FIXED-LENGTH DATA ELEMENTS--GENERAL INFORMATION | |
| fixed length control field | 190723s9999 xx 000 0 und d |
| 020 ## - INTERNATIONAL STANDARD BOOK NUMBER | |
| International Standard Book Number | 9586906612 |
| 040 ## - CATALOGING SOURCE | |
| Original cataloging agency | CO-CtgCURN |
| Language of cataloging | spa |
| Transcribing agency | coctgcurn |
| 082 ## - DEWEY DECIMAL CLASSIFICATION NUMBER | |
| Classification number | 346.03 |
| Item number | R175f |
| 100 ## - MAIN ENTRY--PERSONAL NAME | |
| Personal name | Ramos Acevedo, Jairo |
| Relator term | autor |
| 9 (RLIN) | 6637 |
| 245 #0 - TITLE STATEMENT | |
| Title | Fundamentos de la responsabilidad extracontractual de la administración pública / |
| Statement of responsibility, etc. | Jairo Ramos Acevedo |
| 260 ## - PUBLICATION, DISTRIBUTION, ETC. | |
| Place of publication, distribution, etc. | Bogotá, Colombia : |
| Name of publisher, distributor, etc. | Leyer, |
| Date of publication, distribution, etc. | 2004 |
| 300 ## - PHYSICAL DESCRIPTION | |
| Extent | 266 páginas ; |
| Dimensions | 23 centímetros |
| 505 ## - FORMATTED CONTENTS NOTE | |
| Formatted contents note | 1. Aspectos generales de la responsabilidad. 2. El daño. 3. La relación de causalidad. 4. Causales eximentes de responsabilidad. 5. Responsabilidad extracontractual del Estado. 6. La responsabilidad extracontractual de la Rama Jurisdiccional y Legislativa del Estado. |
| 520 ## - SUMMARY, ETC. | |
| Summary, etc. | El propósito de este texto es el de presentar una visión totalizante del tema de la responsabilidad desde su génesis en materia civil, y luego su transmutación en el ámbito del derecho público. Ya que un tratamiento transversal de la materia lleva generalmente al alumno y a los estudiosos del tema de hablar equivocadamente toda-vía de responsabilidad "civil" extracontractual del Estado. Es decir, su fundamento jurídico no se encuentra ya en el Código Civil sino en la Constitución Política, por esa razón se debe utilizar el vocablo en forma correcta: Responsabilidad extracontractual de la administración pública o del Estado. |
| 521 ## - TARGET AUDIENCE NOTE | |
| Target audience note | AREA PROFESIONAL |
| 590 ## - LOCAL NOTE (RLIN) | |
| Local note | Programa de Derecho_18 |
| 650 ## - SUBJECT ADDED ENTRY--TOPICAL TERM | |
| Topical term or geographic name entry element | Obligaciones (Derecho) |
| 9 (RLIN) | 6638 |
| 650 ## - SUBJECT ADDED ENTRY--TOPICAL TERM | |
| Topical term or geographic name entry element | Responsabilidad extracontractual |
| 9 (RLIN) | 6639 |
| 942 ## - ADDED ENTRY ELEMENTS (KOHA) | |
| Koha item type | Libros |
| Classification part | 346.03 |
| Item part | R175f |
| Source of classification or shelving scheme | Dewey Decimal Classification |
| Suppress in OPAC | No |
| Withdrawn status | Lost status | Damaged status | Not for loan | Collection | Home library | Current library | Shelving location | Date acquired | Inventory number | Total checkouts | Full call number | Barcode | Date last seen | Copy number | Price effective from | Koha item type |
|---|---|---|---|---|---|---|---|---|---|---|---|---|---|---|---|---|
| Miguel Henríquez Castañeda Barranquilla | Miguel Henríquez Castañeda Barranquilla | General | 05/23/2018 | 02205 | 346.03 R175f | 02205 | 07/23/2019 | ej.1 | 07/23/2019 | Libros |